Mots en S par définition - Statistiques

Statistiques générales
  • Ce quiz a été pris 355 fois
  • Le résultat moyen est 15 sur 20
Statistiques - réponses
Genre Définition Mot % Correct
Nom Féminin Pièce de linge individuelle servant à s'essuyer la bouche pendant le repas. Serviette
98%
Nom Féminin Réponse à un problème, à une question. Solution
98%
Nom Féminin Vêtement constitué d'un pantalon prolongé par une bavette à bretelles. Salopette
97%
Nom Féminin Friandise en sucre cuit aromatisé fixée à un bâtonnet. Sucette
97%
Nom Masculin Reptile sans pattes, au corps allongé, se déplaçant par ondulations latérales du corps. Serpent
96%
Nom Féminin Siège que l'on fixe sur le dos des chevaux, des mulets, des dromadaires pour la commodité de la personne qui y prend place. Selle
93%
Nom Masculin Absence de bruit dans un lieu calme. Silence
92%
Nom Féminin Petit mammifère rongeur (muridé), ubiquiste, au pelage gris, qui fréquente bois et champs, mais aussi et surtout les maisons. Souris
92%
Nom Masculin Forme médicamenteuse destinée à être introduite par la voie rectale. Suppositoire
88%
Nom Masculin Marché, dans les pays arabes ; lieu où se tient le marché. Souk
83%
Nom Masculin Boisson concentrée à base de sucre et d'eau, aromatisée avec des extraits d'essences végétales, servie étendue d'eau. Sirop
79%
Nom Féminin Musique de danse d'Amérique espagnole, au tempo vif, appelée également jazz afro-cubain. Salsa
77%
Nom Masculin Catégorie de voix la plus élevée, de l'enfant et de la femme. Soprano / Soprani
74%
Nom Masculin Arme blanche, droite ou recourbée, qui ne tranche que d'un côté. Sabre
72%
Nom Masculin Pantalon traditionnel d'Afrique du Nord, à jambes bouffantes et à entrejambe bas. Saroual / Sarouel
67%
Nom Féminin État de quelqu'un qui est frappé par quelque chose d'inattendu. Surprise
66%
Nom Féminin Pratique magique en vue d'exercer une action, généralement néfaste, sur un être humain, sur des animaux ou des plantes. Sorcellerie
53%
Nom Masculin Chaussure à tige basse, de toutes catégories. Soulier
40%
Nom Féminin Liquide brun-noir sécrété par des glandes ventrales de la seiche, pour camoufler sa fuite. Sépia
17%
Nom Masculin Complice des mauvais desseins de quelqu'un ; serviteur d'une mauvaise cause. Suppôt
10%
Aucun quiz correspondant
Distribution des résultats
% des personnes avec chaque résultat
Percentile par nombre de réponses
Votre historique - résultats
Vous n’avez pas pris ce quiz